<?xml version="1.0" encoding="UTF-8"?>
<record
    xmlns:xsi="http://www.w3.org/2001/XMLSchema-instance"
    xsi:schemaLocation="http://www.loc.gov/MARC21/slim http://www.loc.gov/standards/marcxml/schema/MARC21slim.xsd"
    xmlns="http://www.loc.gov/MARC21/slim">

  <leader>02562nam a2200265Ia 4500</leader>
  <controlfield tag="003">OSt</controlfield>
  <controlfield tag="005">20210505211107.0</controlfield>
  <controlfield tag="008">210310s2005    ck ad  gr     000 0dspa d</controlfield>
  <datafield tag="020" ind1=" " ind2=" ">
    <subfield code="a">9588226465</subfield>
  </datafield>
  <datafield tag="040" ind1=" " ind2=" ">
    <subfield code="a">CO-JMCR</subfield>
    <subfield code="c">CO-JMCR</subfield>
  </datafield>
  <datafield tag="041" ind1="0" ind2=" ">
    <subfield code="a">spa</subfield>
  </datafield>
  <datafield tag="082" ind1="0" ind2="4">
    <subfield code="a">334.209861 /</subfield>
    <subfield code="b">P123c</subfield>
    <subfield code="2">23</subfield>
  </datafield>
  <datafield tag="100" ind1="1" ind2=" ">
    <subfield code="a">Padilla Piraquive, Martha Roc&#xED;o, </subfield>
    <subfield code="9">15581</subfield>
    <subfield code="e">autora</subfield>
  </datafield>
  <datafield tag="245" ind1="1" ind2="0">
    <subfield code="a">Crisis del cooperativismo financiero en Colombia, 1996-1998 / </subfield>
    <subfield code="c">Martha Roc&#xED;o Padilla Piraquive, Adolfo Le&#xF3;n Atehort&#xFA;a Cruz</subfield>
  </datafield>
  <datafield tag="250" ind1=" " ind2=" ">
    <subfield code="a">Primera edici&#xF3;n</subfield>
  </datafield>
  <datafield tag="260" ind1=" " ind2=" ">
    <subfield code="a">Bogot&#xE1; : </subfield>
    <subfield code="b">Universidad Pedag&#xF3;gica Nacional, </subfield>
    <subfield code="c">2005</subfield>
  </datafield>
  <datafield tag="300" ind1=" " ind2=" ">
    <subfield code="a">151 p&#xE1;ginas : </subfield>
    <subfield code="b">ilustraciones y gr&#xE1;ficos a blanco y negro ; </subfield>
    <subfield code="c">21 cm.</subfield>
  </datafield>
  <datafield tag="500" ind1=" " ind2=" ">
    <subfield code="a">Incluye notas a pie de p&#xE1;gina y datos biogr&#xE1;ficos de los autores.</subfield>
  </datafield>
  <datafield tag="504" ind1=" " ind2=" ">
    <subfield code="a">Bibliograf&#xED;a: p&#xE1;ginas 145-151</subfield>
  </datafield>
  <datafield tag="505" ind1="0" ind2=" ">
    <subfield code="a">El sistema financiero y el sector cooperativo financiero en Colombia, 1982-1999 -- An&#xE1;lisis de coyuntura: de la apertura de la crisis -- El sector financiero en dificultades -- Las instituciones afectadas -- Pol&#xED;ticas estatales y din&#xE1;micas internas</subfield>
  </datafield>
  <datafield tag="520" ind1="3" ind2=" ">
    <subfield code="a">A finales del siglo pasado, el cooperativismo financiero colombiano sufri&#xF3; una de sus mas grandes crisis. Los grandes medios de comunicaci&#xF3;n -y con ellos, la opini&#xF3;n p&#xFA;blica- se&#xF1;alaron a los administradores y gerentes del cooperativismo financiero como responsables. Pero, por encima de los actores individuales, nuestro estudio ha partido de una premisa cl&#xE1;sica en las ciencias sociales, que Joseph Stiglitz retoma para la interpretaci&#xF3;n de la crisis econ&#xF3;mica norteamericana al t&#xE9;rmino de los noventa: dudar que "problemas de semejante magnitud puedan ser meros accidentes atribuibles a individuos aberrantes". Se trata en realidad, de "fallos sistem&#xE1;ticos".
Producto de una importante y detallada investigaci&#xF3;n bibliogr&#xE1;fica, de prensa y archivos, el presente texto se ha propuesto esclarecer las situaciones vividas por el sector cooperativo financiero durante la &#xFA;ltima d&#xE9;cada del siglo XX: analizar las causas que estremecieron su desarrollo y lo condujeron al colapso: observar la incidencia de fen&#xF3;menos como la apertura econ&#xF3;mica, las medidas gubernamentales a lo largo de la crisis, la recesi&#xF3;n mundial, latinoamericana y nacional; as&#xED; como determinar la responsabilidad de las instituciones encargadas de la vigilancia en el sector y el pape mismo de las cooperativas en su din&#xE1;mica interna.</subfield>
  </datafield>
  <datafield tag="650" ind1="1" ind2="4">
    <subfield code="a">Cooperativismo</subfield>
    <subfield code="9">15583</subfield>
    <subfield code="x">Historia</subfield>
    <subfield code="y">1996-1998</subfield>
    <subfield code="z">Colombia</subfield>
  </datafield>
  <datafield tag="700" ind1="1" ind2=" ">
    <subfield code="a">Atehort&#xFA;a Cruz, Adolfo Le&#xF3;n, </subfield>
    <subfield code="e">autor</subfield>
    <subfield code="9">37457</subfield>
  </datafield>
  <datafield tag="942" ind1=" " ind2=" ">
    <subfield code="2">ddc</subfield>
    <subfield code="c">BK</subfield>
  </datafield>
  <datafield tag="999" ind1=" " ind2=" ">
    <subfield code="c">7832</subfield>
    <subfield code="d">7832</subfield>
  </datafield>
  <datafield tag="952" ind1=" " ind2=" ">
    <subfield code="0">0</subfield>
    <subfield code="1">0</subfield>
    <subfield code="2">ddc</subfield>
    <subfield code="4">0</subfield>
    <subfield code="7">0</subfield>
    <subfield code="8">NFIC</subfield>
    <subfield code="a">CPL</subfield>
    <subfield code="b">CPL</subfield>
    <subfield code="d">2018-04-15</subfield>
    <subfield code="e">Donaci&#xF3;n</subfield>
    <subfield code="o">334.209861 / P123c</subfield>
    <subfield code="p">430003733</subfield>
    <subfield code="r">2024-05-16 00:00:00</subfield>
    <subfield code="t">Ej.1</subfield>
    <subfield code="y">BK</subfield>
  </datafield>
</record>
